000 00618cam a2200169 i 4500
005 20251119104910.0
008 250721s1990 sy gr 000 0 ara d
082 1 4 _a210.4126
_bع د ن
100 1 _aسبيعي، عدنان
_eمؤلف.
245 1 2 _aالشعور وما وراء الشعور :
_bفي المنظور الإسلامي وعلم النفس الحديث /
_cعدنان سبيعي.
264 3 1 _aدمشق :
_bدار قتيبة للطباعة والنشر،
_c1990.
300 _a56 صفحة.
650 1 7 _aالإسلام.
650 1 7 _aعلم النفس.
942 _2ddc
_cBK
999 _c5744
_d5744